[Event "FIDE WGP Dilijan 2013"]
[Site "Dilijan ARM"]
[Date "2013.06.16"]
[Round "1.1"]
[White "Batchimeg, Tuvshintugs"]
[Black "Dzagnidze, Nana"]
[Result "0-1"]
[WhiteTitle "WGM"]
[BlackTitle "GM"]
[WhiteElo "2316"]
[BlackElo "2550"]
[WhiteFideId "4900839"]
[BlackFideId "13601903"]
[EventDate "2013.06.16"]

1. d4 Nf6 2. c4 e6 3. Nc3 Bb4 4. e3 O-O 5. Bd3 c5 6. Nf3 d5 7. O-O cxd4 8. exd4
dxc4 9. Bxc4 b6 10. Qe2 Bb7 11. Rd1 h6 12. Ne5 Nc6 13. Be3 Ne7 14. Rac1 a6 15.
a3 Bd6 16. Bf4 b5 17. Ba2 Rc8 18. Bb1 Rc7 19. Qd3 Re8 20. Qh3 Ned5 21. Nxd5 Bxd5
22. Be3 Rxc1 23. Rxc1 Qb8 24. Qg3 Nh5 25. Qh4 Bxe5 26. Qxh5 Bf6 27. Qd1 Rc8 28.
Qd3 Rxc1+ 29. Bxc1 Qb7 30. Qh7+ Kf8 31. Bd2 Bxd4 32. Bb4+ Ke8 33. Qg8+ Kd7 34.
Qxf7+ Kc6 35. Qf8 Qc7 36. Bd3 Kb7 37. Bd2 Bxb2 38. Qb4 Be5 39. h3 Qd6 40. f4
Qb6+ 41. Kf1 Bd6 42. Qb2 Qc7 43. Qc1 Qxc1+ 44. Bxc1 Bc4 45. Ke2 Kc6 46. Bb2 g6
47. Bc1 h5 48. g4 hxg4 49. hxg4 Kd5 50. Ke3 Bxd3 51. Kxd3 a5 0-1

[Event "FIDE WGP Dilijan 2013"]
[Site "Dilijan ARM"]
[Date "2013.06.16"]
[Round "1.4"]
[White "Kosintseva, Tatiana"]
[Black "Khotenashvili, Bela"]
[Result "1-0"]
[WhiteTitle "GM"]
[BlackTitle "IM"]
[WhiteElo "2526"]
[BlackElo "2531"]
[WhiteFideId "4133471"]
[BlackFideId "13602640"]
[EventDate "2013.06.16"]

1. e4 e5 2. Nf3 Nc6 3. Bb5 a6 4. Ba4 Nf6 5. O-O Be7 6. d3 b5 7. Bb3 d6 8. a4 b4
9. a5 O-O 10. Nbd2 Rb8 11. h3 h6 12. Nc4 Be6 13. Be3 Qc8 14. Nfd2 d5 15. Ba4 Bd7
16. Bxc6 Bxc6 17. Nxe5 Ba8 18. exd5 Nxd5 19. Ndc4 Rb5 20. Re1 Nxe3 21. Rxe3 Bg5
22. Re1 Qb7 23. Qf3 Qa7 24. Qg3 Qd4 25. Qg4 Qd5 26. Nf3 Bf6 27. Nce5 Rd8 28.
Rad1 Rxa5 29. Qxb4 Rb5 30. Qc3 Rc5 31. Qd2 Qb7 32. Ng4 Bxb2 33. Rb1 Bc3 34. Qf4
Qd5 35. Re7 Rf8 36. Ne3 Qa2 37. Rd1 Bxf3 38. Qxf3 Bf6 39. Re4 Bg5 40. c4 Qb3 41.
d4 Rc6 42. c5 a5 43. h4 Bxe3 44. Rxe3 Qb5 45. Rb3 Qa6 46. Ra3 Rf6 47. Qd3 Qa8
48. d5 Rd8 49. Qc4 h5 50. Rad3 Qc8 51. c6 Qf5 52. Rf3 Qe5 53. Rxf6 Qxf6 54. g3
Qd6 55. Qe4 Ra8 56. Qa4 Qc5 57. Qf4 Qe7 58. Rd4 Rd8 59. Kg2 Rd6 60. Qd2 Qd8 61.
Qxa5 g6 62. Qc5 Qa8 63. Re4 Qd8 64. Rd4 Qe8 65. Qc2 Qe5 66. Qd2 Kg7 67. Rd3 Qe4+
68. Kh2 Qf5 69. Kg1 Qe5 70. Qd1 Qf5 71. Qa1+ Kh7 72. Qd4 Rd8 73. Kg2 Kg8 74. Rd2
Rd6 75. Kh2 Kh7 76. Kg1 Qb1+ 77. Kg2 Qf5 78. Rd3 Rf6 79. Ra3 Rd6 80. Rf3 Qxd5
81. Qxd5 Rxd5 82. Rxf7+ Kh6 83. Rxc7 Rc5 84. Kf3 Rc2 85. Ke4 1-0

[Event "FIDE WGP Dilijan 2013"]
[Site "Dilijan ARM"]
[Date "2013.06.16"]
[Round "1.6"]
[White "Girya, Olga"]
[Black "Cmilyte, Viktorija"]
[Result "1/2-1/2"]
[WhiteTitle "WGM"]
[BlackTitle "GM"]
[WhiteElo "2436"]
[BlackElo "2511"]
[WhiteFideId "4195752"]
[BlackFideId "12801259"]
[EventDate "2013.06.16"]

1. d4 Nf6 2. c4 e6 3. Nf3 c5 4. d5 d6 5. Nc3 exd5 6. cxd5 g6 7. Bf4 a6 8. a4 Bg7
9. h3 O-O 10. e3 Ne8 11. Be2 Qe7 12. O-O Nd7 13. Qc2 b6 14. Rfe1 Rb8 15. Rad1
Ne5 16. Bxe5 Bxe5 17. Nxe5 Qxe5 18. Bd3 f5 19. Qe2 Ra8 20. f4 Qe7 21. Rd2 Nf6
22. Qf3 Bd7 23. Qf1 Ne4 24. Bxe4 fxe4 25. Rf2 Qe8 26. Qc4 b5 27. axb5 axb5 28.
Qxe4 b4 29. Qxe8 Rfxe8 30. Nd1 Ra1 31. Rd2 c4 32. Kf2 Rc1 33. e4 c3 34. bxc3
bxc3 35. Rde2 Bb5 36. Ne3 Rxe1 37. Rxe1 Rxe4 38. Rc1 Rxf4+ 39. Kg3 Rd4 40. Rxc3
h5 41. Rb3 Rd3 42. Rxd3 Bxd3 43. Kf4 Kg7 44. Kg5 Be4 45. h4 Bd3 46. g4 hxg4 47.
Nxg4 Bc4 48. Ne3 Ba2 49. h5 gxh5 50. Nf5+ Kf8 51. Nxd6 Bxd5 52. Kxh5 1/2-1/2

[Event "FIDE WGP Dilijan 2013"]
[Site "Dilijan ARM"]
[Date "2013.06.17"]
[Round "2.1"]
[White "Cmilyte, Viktorija"]
[Black "Khotenashvili, Bela"]
[Result "1/2-1/2"]
[WhiteTitle "GM"]
[BlackTitle "IM"]
[WhiteElo "2511"]
[BlackElo "2531"]
[WhiteFideId "12801259"]
[BlackFideId "13602640"]
[EventDate "2013.06.16"]

1. d4 d5 2. c4 e6 3. Nf3 Nf6 4. g3 dxc4 5. Bg2 Bb4+ 6. Bd2 c5 7. a3 Bxd2+ 8.
Nbxd2 cxd4 9. Nxc4 Nc6 10. O-O O-O 11. b4 Ne4 12. Qd3 Nc3 13. e3 Qf6 14. exd4
Nxd4 15. Nxd4 Qxd4 16. Qxd4 Ne2+ 17. Kh1 Nxd4 18. Rfd1 Nf5 19. Nd6 e5 20. Rac1
Nxd6 21. Rxd6 g6 22. Rc7 Be6 23. Rxb7 Rad8 24. Rxd8 Rxd8 25. h4 Rd1+ 26. Kh2 Rd2
27. Rxa7 Rxf2 28. Kg1 Rb2 29. Ra5 f6 30. Bc6 Bc4 31. g4 Rb1+ 32. Kf2 Rb2+ 33.
Ke3 h5 34. gxh5 gxh5 35. Ke4 Kg7 36. Ra7+ Kh6 37. Bd7 Rh2 38. b5 Rxh4+ 39. Ke3
f5 40. Bxf5 Bxb5 41. Ra5 Bf1 42. Rxe5 Ra4 43. Kf2 Ba6 44. Bc2 Rxa3 45. Bd1 Bc4
46. Rxh5+ Kg6 1/2-1/2

[Event "FIDE WGP Dilijan 2013"]
[Site "Dilijan ARM"]
[Date "2013.06.17"]
[Round "2.3"]
[White "Muzychuk, Anna"]
[Black "Kosintseva, Tatiana"]
[Result "1-0"]
[WhiteTitle "GM"]
[BlackTitle "GM"]
[WhiteElo "2593"]
[BlackElo "2526"]
[WhiteFideId "14111330"]
[BlackFideId "4133471"]
[EventDate "2013.06.16"]

1. e4 c5 2. Nf3 d6 3. d4 cxd4 4. Nxd4 Nf6 5. Nc3 e6 6. Be3 Be7 7. f3 Nc6 8. Qd2
O-O 9. g4 a6 10. O-O-O Nxd4 11. Bxd4 b5 12. g5 Nd7 13. h4 Qc7 14. Kb1 b4 15. Na4
Bb7 16. g6 e5 17. Be3 Bc6 18. gxf7+ Kh8 19. Bg5 Nf6 20. Bxf6 Bxf6 21. Qxb4 Rab8
22. Qc4 Qb7 23. b3 Bb5 24. Qb4 Be7 25. Rd5 Bxf1 26. Qxb7 Rxb7 27. Rxf1 Bxh4 28.
Rxd6 Rbxf7 29. c4 g5 30. c5 g4 31. c6 gxf3 32. Nb6 f2 33. Nd7 Rg8 34. Rdd1 Re7
35. c7 Rc8 36. Nb6 Rcxc7 37. Nd5 Kg7 38. Rh1 Bg5 39. Rdf1 Red7 40. Nxc7 Rxc7 41.
Rxf2 Bf4 42. Rg2+ Kf6 43. Rc2 Ra7 44. Rc6+ Kg7 45. Rd1 1-0

[Event "FIDE WGP Dilijan 2013"]
[Site "Dilijan ARM"]
[Date "2013.06.17"]
[Round "2.5"]
[White "Girya, Olga"]
[Black "Batchimeg, Tuvshintugs"]
[Result "0-1"]
[WhiteTitle "WGM"]
[BlackTitle "WGM"]
[WhiteElo "2436"]
[BlackElo "2316"]
[WhiteFideId "4195752"]
[BlackFideId "4900839"]
[EventDate "2013.06.16"]

1. d4 d5 2. Nf3 e6 3. c4 dxc4 4. e4 b5 5. a4 c6 6. Nc3 Bb4 7. Bd2 a5 8. axb5
Bxc3 9. Bxc3 cxb5 10. d5 Nf6 11. dxe6 Qxd1+ 12. Rxd1 fxe6 13. Nd4 Bd7 14. f3 O-O
15. Be2 Rc8 16. O-O b4 17. Be1 e5 18. Nf5 Bxf5 19. exf5 Nbd7 20. Bf2 c3 21. bxc3
Rxc3 22. Bb5 Rc7 23. g4 Rb8 24. Ba4 Nc5 25. Bxc5 Rxc5 26. g5 Nh5 27. Bb3+ Kh8
28. Rd7 Nf4 29. Kf2 Rcc8 30. Rfd1 Rf8 31. Ke3 Rxf5 32. Ke4 Rbf8 33. Rd8 Nh3 34.
Rxf8+ Rxf8 35. Kxe5 Nxg5 36. f4 Nf3+ 37. Ke6 g6 0-1

[Event "FIDE WGP Dilijan 2013"]
[Site "Dilijan ARM"]
[Date "2013.06.18"]
[Round "3.1"]
[White "Harika, Dronavalli"]
[Black "Girya, Olga"]
[Result "1/2-1/2"]
[WhiteTitle "GM"]
[BlackTitle "WGM"]
[WhiteElo "2492"]
[BlackElo "2436"]
[WhiteFideId "5015197"]
[BlackFideId "4195752"]
[EventDate "2013.06.16"]

1. d4 d5 2. c4 c6 3. Nc3 Nf6 4. e3 g6 5. Nf3 Bg7 6. Be2 O-O 7. O-O e6 8. b4 Nbd7
9. Qb3 b6 10. cxd5 Nxd5 11. Nxd5 cxd5 12. Bb2 Bb7 13. Rac1 Qb8 14. Qa4 Rd8 15.
Bb5 a5 16. bxa5 Rxa5 17. Qb3 Ba6 18. a4 Bxb5 19. axb5 Qa7 20. Rc6 Nb8 21. Rc3
Qd7 22. Qc2 Qxb5 23. Ba3 Qa6 24. Be7 Re8 25. Rc7 Ra1 26. Rc1 Rxc1+ 27. Qxc1 Qa4
28. h4 Nd7 29. Rc8 Nf6 30. Ne5 Rxc8 31. Qxc8+ Qe8 32. Qb7 h5 33. g3 Ng4 34. Nc6
Kh7 35. Bd6 b5 36. Kg2 Nh6 37. Be5 Bxe5 38. Nxe5 Kg7 39. Nd7 Ng4 40. Nc5 Nf6 41.
Qc7 Ng4 42. Qb7 Nf6 43. Qc7 Ng4 1/2-1/2

[Event "FIDE WGP Dilijan 2013"]
[Site "Dilijan ARM"]
[Date "2013.06.18"]
[Round "3.2"]
[White "Khotenashvili, Bela"]
[Black "Muzychuk, Anna"]
[Result "1/2-1/2"]
[WhiteTitle "IM"]
[BlackTitle "GM"]
[WhiteElo "2531"]
[BlackElo "2593"]
[WhiteFideId "13602640"]
[BlackFideId "14111330"]
[EventDate "2013.06.16"]

1. d4 d5 2. c4 c6 3. Nf3 Nf6 4. Nc3 e6 5. g3 dxc4 6. Bg2 b5 7. Ne5 a6 8. O-O Bb7
9. b3 cxb3 10. axb3 Bb4 11. Bb2 O-O 12. Nd3 Be7 13. Nc5 Bxc5 14. dxc5 Qxd1 15.
Rfxd1 Nbd7 16. b4 Rfd8 17. Rd6 Ne8 18. Rd4 Ndf6 19. Rad1 Rxd4 20. Rxd4 Kf8 21.
g4 h6 22. h4 Ke7 23. g5 hxg5 24. hxg5 Nd5 25. Nxd5+ cxd5 26. Bc3 Rd8 27. Rh4 Rd7
28. Bd4 Bc6 29. Bh3 Rd8 30. Bc3 Rb8 31. f3 Rd8 32. Kf2 Rb8 33. Be5 Ra8 34. Bc3
Rb8 35. Be5 Ra8 36. Bc3 Rb8 37. Be5 1/2-1/2

[Event "FIDE WGP Dilijan 2013"]
[Site "Dilijan ARM"]
[Date "2013.06.18"]
[Round "3.3"]
[White "Danielian, Elina"]
[Black "Dzagnidze, Nana"]
[Result "1/2-1/2"]
[WhiteTitle "GM"]
[BlackTitle "GM"]
[WhiteElo "2475"]
[BlackElo "2550"]
[WhiteFideId "13300210"]
[BlackFideId "13601903"]
[EventDate "2013.06.16"]

1. d4 Nf6 2. c4 g6 3. Nf3 Bg7 4. g3 O-O 5. Bg2 d6 6. O-O Nbd7 7. Nc3 e5 8. e4 a6
9. Re1 Rb8 10. h3 exd4 11. Nxd4 Ne5 12. b3 c5 13. Nc2 Nc6 14. Rb1 b5 15. cxb5
axb5 16. b4 Nd7 17. Nd5 Nde5 18. f4 Nc4 19. Qd3 cxb4 20. Ncxb4 Nxb4 21. Nxb4
Qb6+ 22. Kh2 Qc5 23. Be3 Nxe3 24. Rxe3 Re8 25. Re2 Be6 26. Rd2 Qc4 27. Nd5 f5
28. Re1 Bf7 29. Ree2 Qxd3 30. Rxd3 Rbc8 31. Ne3 fxe4 32. Rxd6 Rc3 33. Nd5 Rd3
34. Rxe4 Rxe4 35. Bxe4 Rd2+ 36. Kh1 Rxa2 37. Rb6 Ra1+ 38. Kg2 Ra2+ 39. Kh1 Ra1+
40. Kg2 Ra2+ 41. Kh1 Ra1+ 1/2-1/2

[Event "FIDE WGP Dilijan 2013"]
[Site "Dilijan ARM"]
[Date "2013.06.18"]
[Round "3.4"]
[White "Ushenina, Anna"]
[Black "Koneru, Humpy"]
[Result "1/2-1/2"]
[WhiteTitle "GM"]
[BlackTitle "GM"]
[WhiteElo "2499"]
[BlackElo "2597"]
[WhiteFideId "14110911"]
[BlackFideId "5008123"]
[EventDate "2013.06.16"]

1. d4 Nf6 2. c4 e6 3. Nc3 Bb4 4. e3 d5 5. Nf3 O-O 6. Bd3 c5 7. O-O b6 8. dxc5
dxc4 9. Bxc4 Bxc5 10. b3 Nbd7 11. Bb2 Bb7 12. Qe2 Qb8 13. Ba6 Be7 14. Bxb7 Qxb7
15. Rfd1 Rfd8 16. h3 a6 17. Rac1 h6 18. Nd4 Rac8 19. Qf3 Qxf3 20. Nxf3 Rc7 21.
Kf1 Rdc8 22. Ne2 Kf8 23. Rxc7 Rxc7 24. Rc1 Rxc1+ 25. Nxc1 Ne4 26. Ke2 Bf6 27.
Nd4 h5 28. Kf3 Ndc5 29. Ke2 Ke8 30. f3 Ng3+ 31. Kd2 Kd7 32. Ba3 Bxd4 33. exd4
Nb7 34. Nd3 Nf5 35. d5 exd5 36. Nf4 g6 37. Nxd5 b5 38. Bb2 Kd6 39. Nf4 h4 40.
Nd3 Nd8 41. Ba3+ Kd5 42. Nb4+ Ke5 43. Nd3+ Kd5 44. Nb4+ Ke5 45. Nd3+ Kd5 46.
Nb4+ Ke5 1/2-1/2

[Event "FIDE WGP Dilijan 2013"]
[Site "Dilijan ARM"]
[Date "2013.06.18"]
[Round "3.6"]
[White "Batchimeg, Tuvshintugs"]
[Black "Cmilyte, Viktorija"]
[Result "1-0"]
[WhiteTitle "WGM"]
[BlackTitle "GM"]
[WhiteElo "2316"]
[BlackElo "2511"]
[WhiteFideId "4900839"]
[BlackFideId "12801259"]
[EventDate "2013.06.16"]

1. d4 Nf6 2. Nf3 g6 3. c4 Bg7 4. Nc3 d5 5. Bf4 O-O 6. e3 c5 7. dxc5 Ne4 8. Rc1
Nd7 9. cxd5 Nxc3 10. bxc3 Qa5 11. Qb3 Nxc5 12. Qb4 Qb6 13. Be5 Bf5 14. Bxg7 Kxg7
15. Be2 Rfd8 16. Qd4+ f6 17. c4 e5 18. Qd1 Rd6 19. O-O Qa5 20. Ra1 Rb6 21. Nd2
Rb2 22. Nb3 Nxb3 23. axb3 Qc3 24. Rc1 Bc2 25. Qe1 Qxb3 26. Qa5 Bf5 27. Qc7+ Kh6
28. Bf3 Qb6 29. Qe7 Bd3 30. Rfd1 Bc2 31. c5 Qb5 32. Re1 e4 33. Be2 Bd3 34. Bg4
f5 35. Bxf5 gxf5 36. Qf6+ Kh5 37. Qxf5+ Kh6 38. Qf6+ Kh5 39. h3 Rg8 40. g4+
Rxg4+ 41. hxg4+ Kxg4 42. Qf4+ Kh5 43. Qf5+ Kh6 44. Qf6+ Kh5 45. Kg2 1-0